000
00280nam a2200109Ia 4500
008
220204s9999 xx 000 0 und d
082
_a
301
_b
GAL
100
_a
Gallie, D
245
0
_a
In search of the new working class
260
_a
London
_b
Cambridge University
_c
1978
942
_c
BK
999
_c
29205
_d
29205